|
|
|
|
| LEADER |
03203nam a2200637 4500 |
| 001 |
ocn812914941 |
| 003 |
OCoLC |
| 005 |
20170124072829.1 |
| 006 |
m o d |
| 007 |
cr cnu---unuuu |
| 008 |
121015s2013 njua ob 001 0 eng d |
| 040 |
|
|
|a N$T
|b eng
|e pn
|c N$T
|d UIU
|d DG1
|d YDXCP
|d OCLCF
|d E7B
|d OCLCO
|d COO
|d W2U
|d OCLCQ
|d DEBBG
|d GrThAP
|
| 019 |
|
|
|a 820830045
|a 860769749
|
| 020 |
|
|
|a 9781118473009
|q (electronic bk.)
|
| 020 |
|
|
|a 1118473000
|q (electronic bk.)
|
| 020 |
|
|
|a 9781118473023
|q (electronic bk.)
|
| 020 |
|
|
|a 1118473027
|q (electronic bk.)
|
| 020 |
|
|
|a 9781283644341
|q (MyiLibrary)
|
| 020 |
|
|
|a 1283644347
|q (MyiLibrary)
|
| 020 |
|
|
|z 9780470959510
|q (hardback ;
|q alk. paper)
|
| 020 |
|
|
|z 0470959517
|q (hardback ;
|q alk. paper)
|
| 024 |
8 |
|
|a 9805278
|
| 029 |
1 |
|
|a AU@
|b 000050207173
|
| 029 |
1 |
|
|a GBVCP
|b 727847228
|
| 029 |
1 |
|
|a NZ1
|b 14976738
|
| 029 |
1 |
|
|a NZ1
|b 15922012
|
| 029 |
1 |
|
|a DEBBG
|b BV043395117
|
| 035 |
|
|
|a (OCoLC)812914941
|z (OCoLC)820830045
|z (OCoLC)860769749
|
| 050 |
|
4 |
|a SB123
|b .M58 2013eb
|
| 070 |
|
|
|a SB123
|b .M58 2013
|
| 072 |
|
7 |
|a TEC
|x 003040
|2 bisacsh
|
| 082 |
0 |
4 |
|a 634.9/56
|2 23
|
| 049 |
|
|
|a MAIN
|
| 245 |
0 |
0 |
|a Molecular markers in plants /
|c editor, Robert J. Henry.
|
| 264 |
|
1 |
|a Hoboken, N.J. :
|b John Wiley & Sons,
|c 2013.
|
| 300 |
|
|
|a 1 online resource (xiii, 196 pages) :
|b illustrations (some color)
|
| 336 |
|
|
|a text
|b txt
|2 rdacontent
|
| 337 |
|
|
|a computer
|b c
|2 rdamedia
|
| 338 |
|
|
|a online resource
|b cr
|2 rdacarrier
|
| 504 |
|
|
|a Includes bibliographical references and index.
|
| 505 |
0 |
|
|a Evolution of marker technology in plants / Robert J. Henry -- Whole genome sequencing for marker discovery / Mark Edwards -- Amplicon sequencing for marker discovery / Timothy R. Sexton and Frances M. Shapter -- Transcriptome sequencing for marker discovery / Susan Gillies -- Molecular markers in plant breeding / Peter J. Prentice [and others] -- Application of markers in plant conservation / Maurizio Rossetto and Paul D. Rymer -- Application of markers in biosecurity and plant quarantine / Andrew D.W. Geering -- Molecular markers for heterosis / Gopala S. Krishnan [and others] -- SNP marker development, deployment and uses in agronomically important crop species / Stéphane Descamps and Matthew A. Campbell -- Evolving molecular marker technologies for plant genetics research and breeding applications / Reyazul Rouf Mir [and others].
|
| 588 |
0 |
|
|a Print version record.
|
| 650 |
|
0 |
|a Plant breeding.
|
| 650 |
|
0 |
|a Genetic markers.
|
| 650 |
|
0 |
|a Plant genetics.
|
| 650 |
|
0 |
|a Crop improvement.
|
| 650 |
|
7 |
|a TECHNOLOGY & ENGINEERING
|x Agriculture
|x Forestry.
|2 bisacsh
|
| 650 |
|
7 |
|a Crop improvement.
|2 fast
|0 (OCoLC)fst00883912
|
| 650 |
|
7 |
|a Genetic markers.
|2 fast
|0 (OCoLC)fst00940073
|
| 650 |
|
7 |
|a Plant breeding.
|2 fast
|0 (OCoLC)fst01065287
|
| 650 |
|
7 |
|a Plant genetics.
|2 fast
|0 (OCoLC)fst01065459
|
| 655 |
|
4 |
|a Electronic books.
|
| 700 |
1 |
|
|a Henry, Robert J.
|
| 776 |
0 |
8 |
|i Print version:
|t Molecular markers in plants.
|d Hoboken, N.J. : John Wiley & Sons, 2013
|z 9780470959510
|w (DLC) 2012019771
|w (OCoLC)794323712
|
| 856 |
4 |
0 |
|u https://doi.org/10.1002/9781118473023
|z Full Text via HEAL-Link
|
| 994 |
|
|
|a 92
|b DG1
|